<?xml version="1.0" encoding="UTF-8"?>
<marc:record xmlns:marc="http://www.loc.gov/MARC21/slim">
   <marc:leader>00000nam a2200000 a 4500</marc:leader>
   <marc:datafield ind1="1" ind2=" " tag="100">
      <marc:subfield code="a">Anderson, Poppy J.</marc:subfield>
      <marc:subfield code="4">aut</marc:subfield>
      <marc:subfield code="e">Verfasser/-in</marc:subfield>
   </marc:datafield>
   <marc:datafield ind1=" " ind2=" " tag="653">
      <marc:subfield code="a">Kochen</marc:subfield>
   </marc:datafield>
   <marc:datafield ind1=" " ind2=" " tag="653">
      <marc:subfield code="a">Boston</marc:subfield>
   </marc:datafield>
   <marc:datafield ind1="0" ind2="0" tag="245">
      <marc:subfield code="a">Taste of Love - Mit Sehnsucht verfeinert [Tonträger]</marc:subfield>
   </marc:datafield>
   <marc:datafield ind1="0" ind2="0" tag="245">
      <marc:subfield code="c">J. Poppy Anderson.</marc:subfield>
   </marc:datafield>
   <marc:datafield ind1=" " ind2="1" tag="264">
      <marc:subfield code="b">Bastei Lübbe</marc:subfield>
      <marc:subfield code="c">2018</marc:subfield>
   </marc:datafield>
   <marc:datafield ind1="1" ind2=" " tag="520">
      <marc:subfield code="a">Beim zweiten Mal küsst es sich besserDas ist doch Scott! Hailey Sinclair traut ihren Augen nicht: Gerade hat sie im angesagten Restaurant Bonfire als Souschefin angefangen, da taucht ausgerechnet ihr Exverlobter Scott auf. Reicht es nicht, dass sie seinetwegen fluchtartig die Stadt verlassen hat, muss er ihr jetzt auch noch die Rückkehr nach Boston vermiesen? Aber während Hailey noch mit ihrer Wut auf ihn kämpft, muss sie sich eingestehen, wie sehr sie ihn in den letzten drei Jahren vermisst hat. Bloß hat Scott mittlerweile eine steile Karriere hingelegt, gilt nun als einer der begehrtesten Junggesellen der Ostküste. Für eine zweiteChance längst zu spät. Oder?</marc:subfield>
   </marc:datafield>
   <marc:datafield ind1=" " ind2=" " tag="020">
      <marc:subfield code="a">? 14,90</marc:subfield>
      <marc:subfield code="9">? 14,90</marc:subfield>
   </marc:datafield>
   <marc:datafield ind1=" " ind2=" " tag="041">
      <marc:subfield code="a">ger</marc:subfield>
   </marc:datafield>
   <marc:datafield ind1="0" ind2=" " tag="490">
      <marc:subfield code="v">0</marc:subfield>
   </marc:datafield>
   <marc:datafield ind1=" " ind2=" " tag="300">
      <marc:subfield code="a">300' : 4 CDs</marc:subfield>
   </marc:datafield>
</marc:record>
